[Event "IRQ-ch"]
[Site "Baghdad"]
[Date "2018.07.05"]
[Round "11"]
[White "Rawand, Hamid Abdullah"]
[Black "Noah, AH Al Ali"]
[Result "0-1"]
[WhiteElo "2060"]
[BlackElo "2288"]
[PlyCount "120"]
[EventDate "2018.06.27"]
[EventType "swiss"]
[EventRounds "11"]
[EventCountry "IRQ"]
[SourceTitle "EXT 2019"]
[Source "ChessBase"]
[SourceDate "2018.10.10"]
[SourceVersion "1"]
[SourceVersionDate "2018.10.10"]
[SourceQuality "1"]

1. d4 Nf6 2. Nf3 c5 3. dxc5 Na6 4. g3 Nxc5 5. Bg2 b5 6. Be3 e6 7. 0-0 Bb7 8. Nbd2 d6 9. c4 a6 10. Bxc5 dxc5 11. Qc2 Be7 12. e4 0-0 13. e5 Nd7 14. Rfe1 Qc7 15. Rad1 Rfd8 16. Qb3 Nb6 17. Bf1 bxc4 18. Nxc4 Nxc4 19. Bxc4 Qc6 20. Be2 g5 21. Qc4 h5 22. h3 Rd5 23. Rxd5 exd5 24. Qd3 d4 25. g4 hxg4 26. hxg4 Kg7 27. Kg2 Rh8 28. Rh1 Rxh1 29. Kxh1 Qe6 30. Qf5 Qxf5 31. gxf5 g4 32. f6+ Bxf6 33. exf6+ Kxf6 34. Kh2 gxf3 35. Bd3 Ke5 36. Kg1 a5 37. Kf1 Bd5 38. a3 c4 39. Bb1 c3 40. bxc3 dxc3 41. Ke1 Kd4 42. Bc2 Kc4 43. Kd1 f5 44. Bxf5 Kb3 45. Kc1 Kxa3 46. Kb1 Kb4 47. Bd3 a4 48. Bc2 a3 49. Bd3 Kc5 50. Bc2 Kd4 51. Ka1 Be4 52. Bb3 Kd3 53. Bd1 Kd2 54. Ba4 Bc6 55. Bb3 Bd5 56. Ba4 Ke1 57. Bc2 Kxf2 58. Bd1 Ke3 59. Bxf3 c2 60. Bxd5 c1Q+ 0-1

[Event "IRQ-ch"]
[Site "Baghdad"]
[Date "2018.07.04"]
[Round "10"]
[White "Taleb, Salem Hatam"]
[Black "Rawand, Hamid Abdullah"]
[Result "1/2-1/2"]
[WhiteElo "2112"]
[BlackElo "2060"]
[PlyCount "91"]
[EventDate "2018.06.27"]
[EventType "swiss"]
[EventRounds "11"]
[EventCountry "IRQ"]
[SourceTitle "EXT 2019"]
[Source "ChessBase"]
[SourceDate "2018.10.10"]
[SourceVersion "1"]
[SourceVersionDate "2018.10.10"]
[SourceQuality "1"]

1. d4 Nf6 2. Nf3 g6 3. Nc3 d5 4. Bf4 Bg7 5. e3 0-0 6. Be2 c5 7. Ne5 Qb6 8. 0-0 cxd4 9. exd4 Nc6 10. Nxc6 Qxc6 11. Bb5 Qb6 12. a4 a6 13. a5 Qd8 14. Bd3 b6 15. axb6 Qxb6 16. Be5 Qxb2 17. Na4 Qb7 18. Qe2 a5 19. Rfb1 Qc6 20. Rb6 Qd7 21. h3 Qa7 22. Rb3 Nd7 23. Bxg7 Kxg7 24. c3 e6 25. Qe3 Ba6 26. Nb2 Bxd3 27. Nxd3 Qc7 28. h4 a4 29. Rba3 Qc6 30. h5 Rfe8 31. h6+ Kf8 32. Ne5 Nxe5 33. Qxe5 Ke7 34. g4 f6 35. Qf4 Ra7 36. g5 Rf8 37. Rb3 Qc7 38. gxf6+ Rxf6 39. Qxc7+ Rxc7 40. Rxa4 g5 41. Ra8 Rxh6 42. Rg8 Kf6 43. Rbb8 Rxc3 44. Rbf8+ Ke7 45. Re8+ Kf7 46. Ref8+ 1/2-1/2

[Event "IRQ-ch"]
[Site "Baghdad"]
[Date "2018.07.02"]
[Round "8"]
[White "Moazaz, Dhahir Habeeb"]
[Black "Rawand, Hamid Abdullah"]
[Result "0-1"]
[WhiteElo "2046"]
[BlackElo "2060"]
[PlyCount "92"]
[EventDate "2018.06.27"]
[EventType "swiss"]
[EventRounds "11"]
[EventCountry "IRQ"]
[SourceTitle "EXT 2019"]
[Source "ChessBase"]
[SourceDate "2018.10.10"]
[SourceVersion "1"]
[SourceVersionDate "2018.10.10"]
[SourceQuality "1"]

1. g3 Nf6 2. c4 g6 3. Bg2 d5 4. cxd5 Nxd5 5. Nc3 Nxc3 6. bxc3 Bg7 7. Rb1 c6 8. d4 Qa5 9. Qd2 0-0 10. e3 Nd7 11. c4 Qxd2+ 12. Bxd2 e5 13. d5 cxd5 14. cxd5 Nc5 15. e4 f5 16. Bb4 Nd3+ 17. Ke2 Nxb4 18. Rxb4 b6 19. Nh3 fxe4 20. Rxe4 Ba6+ 21. Kd2 Bb7 22. Rc4 Rad8 23. Rhc1 Bh6+ 24. f4 Bxd5 25. Bxd5+ Rxd5+ 26. Ke2 exf4 27. gxf4 Re8+ 28. Kf1 Rf8 29. R1c2 Rdf5 30. Rf2 g5 31. fxg5 Bxg5 32. Rxf5 Rxf5+ 33. Kg2 Ra5 34. a4 h6 35. Nxg5 Rxg5+ 36. Kf3 Ra5 37. Ke3 Kf7 38. Kd3 h5 39. Re4 Kf6 40. Rc4 Ke5 41. Rh4 Kd6 42. Kc3 Kc6 43. Rc4+ Rc5 44. Kd4 Rxc4+ 45. Kxc4 h4 46. h3 a6 0-1

[Event "IRQ-ch"]
[Site "Baghdad"]
[Date "2018.07.01"]
[Round "7"]
[White "Rawand, Hamid Abdullah"]
[Black "Ahmed, Jaza Jamal"]
[Result "1/2-1/2"]
[WhiteElo "2060"]
[BlackElo "2066"]
[PlyCount "49"]
[EventDate "2018.06.27"]
[EventType "swiss"]
[EventRounds "11"]
[EventCountry "IRQ"]
[SourceTitle "EXT 2019"]
[Source "ChessBase"]
[SourceDate "2018.10.10"]
[SourceVersion "1"]
[SourceVersionDate "2018.10.10"]
[SourceQuality "1"]

1. d4 Nf6 2. Nf3 c5 3. dxc5 e6 4. Be3 Na6 5. Nc3 Nxc5 6. g3 d5 7. Bg2 Be7 8. 0-0 0-0 9. Ne5 Ncd7 10. f4 a6 11. Bd4 Qc7 12. Qd3 Rd8 13. Rad1 b5 14. Nxd7 Bxd7 15. e4 dxe4 16. Nxe4 Bc6 17. Qe2 Nxe4 18. Bxe4 Bxe4 19. Qxe4 Rac8 20. c3 Bc5 21. Kg2 Bxd4 22. Rxd4 Rxd4 23. Qxd4 Rd8 24. Qe4 g6 25. Rf2 1/2-1/2

[Event "IRQ-ch"]
[Site "Baghdad"]
[Date "2018.06.29"]
[Round "4"]
[White "Obada, Ahmad Azeezjawad"]
[Black "Rawand, Hamid Abdullah"]
[Result "1-0"]
[WhiteElo "2388"]
[BlackElo "2060"]
[PlyCount "45"]
[EventDate "2018.06.27"]
[EventType "swiss"]
[EventRounds "11"]
[EventCountry "IRQ"]
[SourceTitle "EXT 2019"]
[Source "ChessBase"]
[SourceDate "2018.10.10"]
[SourceVersion "1"]
[SourceVersionDate "2018.10.10"]
[SourceQuality "1"]

1. e4 e6 2. d4 d5 3. Nc3 Bb4 4. e5 b6 5. Qg4 Bf8 6. f4 Nh6 7. Qh3 Nf5 8. Nf3 c5 9. Ne2 Nc6 10. c3 cxd4 11. Nexd4 Ncxd4 12. cxd4 Bb4+ 13. Kf2 0-0 14. g4 Nh6 15. Bd3 f5 16. exf6 Qxf6 17. g5 e5 18. gxf6 Bxh3 19. fxe5 Bf5 20. Bxh6 Bxd3 21. Bxg7 Rfc8 22. Rac1 Be4 23. Rhg1 1-0

[Event "IRQ-ch"]
[Site "Baghdad"]
[Date "2018.06.27"]
[Round "1"]
[White "Rawand, Hamid Abdullah"]
[Black "Abdulwahhab, Ahmed Abdulsattar"]
[Result "1-0"]
[WhiteElo "2060"]
[BlackElo "2290"]
[PlyCount "129"]
[EventDate "2018.06.27"]
[EventType "swiss"]
[EventRounds "11"]
[EventCountry "IRQ"]
[SourceTitle "EXT 2019"]
[Source "ChessBase"]
[SourceDate "2018.10.10"]
[SourceVersion "1"]
[SourceVersionDate "2018.10.10"]
[SourceQuality "1"]

1. d4 d5 2. Nf3 Nf6 3. c4 c6 4. e3 Bf5 5. Nc3 e6 6. Bd3 Bxd3 7. Qxd3 Bb4 8. 0-0 Nbd7 9. a3 Bxc3 10. bxc3 Nb6 11. c5 Nc4 12. Nd2 Nxd2 13. Bxd2 0-0 14. f3 Re8 15. e4 b6 16. e5 Nd7 17. cxb6 axb6 18. f4 f5 19. a4 Qc8 20. Rfc1 Qa6 21. c4 Rec8 22. a5 dxc4 23. Qxc4 Qxc4 24. Rxc4 b5 25. Rcc1 c5 26. dxc5 Rxc5 27. Rxc5 Nxc5 28. Rb1 Rb8 29. Be3 Na6 30. Bb6 b4 31. Rc1 Kf7 32. Rc6 Rb7 33. Kf2 Rd7 34. Ke2 Rd5 35. Rc8 Ke7 36. Rc2 Kd7 37. Rc1 g5 38. fxg5 Rxe5+ 39. Kd3 Rd5+ 40. Kc4 Kc6 41. Rc2 e5 42. h4 e4 43. g3 Rd3 44. Bf2 Ra3 45. h5 e3 46. Bxe3 Rxe3 47. Kd4+ Rc3 48. Rxc3+ bxc3 49. Kxc3 Nc5 50. g6 hxg6 51. hxg6 Ne6 52. Kc4 Kd6 53. a6 Kc6 54. a7 Kb7 55. Kd5 Ng7 56. Ke5 Kxa7 57. Kf6 Nh5+ 58. Kg5 Ng7 59. Kh6 Ne8 60. g7 Nf6 61. Kg6 Ng8 62. Kxf5 Kb6 63. Ke6 Kc5 64. g4 Kd4 65. g5 1-0

[Event "IRQ-chT 30th"]
[Site "Baghdad"]
[Date "2018.03.23"]
[Round "11"]
[White "Rawand, Hamid Abdullah"]
[Black "Kadhim, Najeeb"]
[Result "1-0"]
[WhiteElo "2089"]
[BlackElo "2078"]
[PlyCount "89"]
[EventDate "2018.03.08"]
[EventType "team-swiss"]
[EventRounds "13"]
[EventCountry "IRQ"]
[SourceTitle "CBM 183 Extra"]
[Source "ChessBase"]
[SourceDate "2018.04.19"]
[SourceVersion "1"]
[SourceVersionDate "2018.04.19"]
[SourceQuality "1"]

1. d4 Nf6 2. Nf3 b6 3. c4 e6 4. Nc3 Bb4 5. Qc2 Bb7 6. a3 Be4 7. Qb3 Bxc3+ 8. Qxc3 h6 9. g3 d5 10. Bg2 Nbd7 11. 0-0 0-0 12. Bf4 Nh5 13. Be3 c6 14. Rac1 Rc8 15. Qd2 Qe7 16. Rc3 f5 17. Ne1 Bxg2 18. Nxg2 Ndf6 19. f3 dxc4 20. Rxc4 Nd5 21. Rfc1 Qd6 22. Bf4 Nhxf4 23. Nxf4 Rfd8 24. Nxd5 Qxd5 25. Qe3 Kf7 26. Kf2 Ke7 27. Qc3 Rd6 28. e3 Kd7 29. Rc2 Kc7 30. b4 Kb7 31. a4 a6 32. a5 Qb5 33. axb6 Qxb6 34. Rc5 Rcd8 35. Qc4 g5 36. Qc3 f4 37. exf4 Rxd4 38. fxg5 hxg5 39. Kg2 Qxb4 40. Qxb4+ Rxb4 41. Rxg5 Rd5 42. Rg7+ Kb6 43. h4 a5 44. Rg8 Rb3 45. Rb8+ 1-0

[Event "Baghdad op 6th"]
[Site "Baghdad"]
[Date "2018.03.19"]
[Round "9"]
[White "Rawand, Hamid Abdullah"]
[Black "Sadek, Sameh"]
[Result "0-1"]
[WhiteElo "2089"]
[BlackElo "2263"]
[PlyCount "80"]
[EventDate "2018.03.14"]
[EventType "swiss"]
[EventRounds "9"]
[EventCountry "IRQ"]
[SourceTitle "CBM 183 Extra"]
[Source "ChessBase"]
[SourceDate "2018.04.19"]
[SourceVersion "1"]
[SourceVersionDate "2018.04.19"]
[SourceQuality "1"]

1. d4 d5 2. e3 Nf6 3. Nf3 c6 4. c4 e6 5. Nc3 Nbd7 6. cxd5 exd5 7. Bd3 Bd6 8. Rb1 a5 9. a3 Qe7 10. Qc2 0-0 11. 0-0 Re8 12. Ne2 Ne4 13. Ng3 Ndf6 14. Bd2 a4 15. Bxe4 dxe4 16. Ne5 Bxe5 17. dxe5 Qxe5 18. Bc3 Qg5 19. Bxf6 Qxf6 20. Rbd1 Be6 21. Rd4 Bb3 22. Qb1 Rad8 23. Nxe4 Qe7 24. Rxd8 Rxd8 25. Ng3 g6 26. Qe4 Qxe4 27. Nxe4 f5 28. Nc5 b6 29. Nxb3 axb3 30. g4 Rd2 31. Rc1 Rc2 32. Rb1 fxg4 33. Kg2 Kf7 34. Kg3 Ke6 35. Kxg4 Rxf2 36. Kg3 Re2 37. h4 Rxe3+ 38. Kf2 Rh3 39. Rc1 Rh2+ 40. Ke3 c5 0-1

[Event "Baghdad op 6th"]
[Site "Baghdad"]
[Date "2018.03.16"]
[Round "5"]
[White "Rawand, Hamid Abdullah"]
[Black "Lim, Zhuo Ren"]
[Result "0-1"]
[WhiteElo "2089"]
[BlackElo "2186"]
[PlyCount "116"]
[EventDate "2018.03.14"]
[EventType "swiss"]
[EventRounds "9"]
[EventCountry "IRQ"]
[SourceTitle "CBM 183 Extra"]
[Source "ChessBase"]
[SourceDate "2018.04.19"]
[SourceVersion "1"]
[SourceVersionDate "2018.04.19"]
[SourceQuality "1"]

1. d4 Nf6 2. c4 e6 3. Nc3 Bb4 4. e3 0-0 5. Nge2 c6 6. a3 Ba5 7. b4 Bc7 8. Ng3 d5 9. Bb2 Nbd7 10. Bd3 dxc4 11. Bxc4 e5 12. dxe5 Nxe5 13. Be2 Be6 14. 0-0 Nc4 15. Qc2 Nxb2 16. Qxb2 Qd6 17. Rad1 Qe5 18. Na4 Qxb2 19. Nxb2 Rfd8 20. Rxd8+ Rxd8 21. Rd1 Rxd1+ 22. Bxd1 a5 23. Nd3 axb4 24. axb4 Bc4 25. Nb2 Bb5 26. Nf5 Nd5 27. Nd4 Ba6 28. b5 cxb5 29. Bf3 Nc3 30. Nc2 Bd6 31. Nd3 Kf8 32. Ncb4 Ke7 33. Kf1 Bxb4 34. Nxb4 Kd6 35. Ke1 Kc5 36. Nd3+ Kc4 37. Ne5+ Kb3 38. Kd2 f6 39. Nd7 b4 40. Nc5+ Kb2 41. Nxb7 Bxb7 42. Bxb7 b3 43. f4 f5 44. Bc8 Ne4+ 45. Ke2 Nd6 46. Be6 Kc3 47. Bxb3 Kxb3 48. Kd3 g6 49. h3 h5 50. Kd4 h4 51. Ke5 Nc4+ 52. Kf6 Nxe3 53. Kxg6 Kc3 54. Kg5 Kd3 55. Kxh4 Nxg2+ 56. Kg3 Ne3 57. h4 Ke4 58. h5 Ng4 0-1

[Event "IRQ Clubs-chT"]
[Site "Baghdad"]
[Date "2017.08.16"]
[Round "3.3"]
[White "Rawand, Hamid Abdullah"]
[Black "Hasan, Hemn"]
[Result "1-0"]
[WhiteElo "2056"]
[BlackElo "1918"]
[PlyCount "113"]
[EventDate "2017.08.16"]
[EventType "team-swiss"]
[EventRounds "7"]
[EventCountry "IRQ"]
[SourceTitle "CBM 180 Extra"]
[Source "ChessBase"]
[SourceDate "2017.10.06"]
[SourceVersion "1"]
[SourceVersionDate "2017.10.06"]
[SourceQuality "1"]
[WhiteTeam "Peshmarga"]
[BlackTeam "Zeravani"]
[WhiteTeamCountry "IRQ"]
[BlackTeamCountry "IRQ"]

1. d4 Nf6 2. c4 g6 3. Nc3 Bg7 4. e4 d6 5. f3 0-0 6. Be3 Nc6 7. Nge2 e5 8. d5 Ne7 9. Qd2 Bd7 10. Ng3 a6 11. Be2 Rb8 12. b4 Ne8 13. Bh6 f5 14. Bxg7 Nxg7 15. 0-0 f4 16. Nh1 g5 17. Nf2 Ng6 18. a4 h5 19. Ra3 Nh4 20. Na2 Qf6 21. Rc1 g4 22. fxg4 hxg4 23. Nxg4 Qg6 24. h3 Qxe4 25. Bd3 Qd4+ 26. Qf2 Ngf5 27. Bxf5 Nxf5 28. Qxd4 Nxd4 29. Nc3 Bxg4 30. hxg4 f3 31. Ra2 Rf4 32. g3 Rxg4 33. Kf2 Re8 34. Re1 e4 35. Nd1 Ne2 36. Ne3 Rxg3 37. Raxe2 Rh3 38. Rc2 Kf7 39. Rg1 Rh2+ 40. Kf1 Reh8 41. Rxh2 Rxh2 42. Rg4 Rh1+ 43. Kf2 Rh2+ 44. Kg3 Ra2 45. b5 Rxa4 46. bxa6 Rxa6 47. Rf4+ Ke7 48. Rxe4+ Kd7 49. Kxf3 c6 50. Rh4 cxd5 51. cxd5 b5 52. Rb4 Ra5 53. Ke2 Kc7 54. Kd3 Ra3+ 55. Kd4 Ra4 56. Rxa4 bxa4 57. Nc4 1-0

[Event "IRQ-ch"]
[Site "Baghdad"]
[Date "2017.08.11"]
[Round "3"]
[White "Rawand, Hamid Abdullah"]
[Black "Moazaz, Dhahir Habeeb"]
[Result "1/2-1/2"]
[WhiteElo "2056"]
[BlackElo "2073"]
[PlyCount "93"]
[EventDate "2017.08.10"]
[EventType "swiss"]
[EventRounds "11"]
[EventCountry "IRQ"]
[SourceTitle "CBM 180 Extra"]
[Source "ChessBase"]
[SourceDate "2017.10.06"]
[SourceVersion "1"]
[SourceVersionDate "2017.10.06"]
[SourceQuality "1"]

1. d4 d5 2. Nf3 Nf6 3. e3 e6 4. c4 c6 5. Nc3 Nbd7 6. Bd3 dxc4 7. Bxc4 b5 8. Bd3 Bd6 9. 0-0 0-0 10. Bd2 Bb7 11. Rc1 a6 12. Ne4 Nxe4 13. Bxe4 Rc8 14. b4 Nf6 15. Bb1 Qe7 16. a3 a5 17. Qb3 axb4 18. Bxb4 Nd5 19. Bxd6 Qxd6 20. Rc5 Ra8 21. Nd2 Ra4 22. Bc2 Ra7 23. Rc1 Rfa8 24. Nb1 Nb6 25. Qd3 g6 26. Bb3 Nd7 27. R5c3 Rd8 28. Rd1 Raa8 29. f4 Kg7 30. Qc2 Nb6 31. Qf2 Rac8 32. Rcd3 Qe7 33. e4 c5 34. dxc5 Rxd3 35. Rxd3 Qxc5 36. Qxc5 Rxc5 37. Nd2 Rc1+ 38. Kf2 Nc4 39. Bxc4 bxc4 40. Rd7 c3 41. Nb3 Rc2+ 42. Ke3 Ba6 43. g3 Rxh2 44. Rc7 Re2+ 45. Kf3 Ra2 46. Rxc3 Rxa3 47. Re3 1/2-1/2

[Event "Baghdad op 5th"]
[Site "Baghdad"]
[Date "2017.03.19"]
[Round "7"]
[White "Sadek, Sameh"]
[Black "Rawand, Hamid Abdullah"]
[Result "0-1"]
[WhiteElo "2315"]
[BlackElo "2032"]
[PlyCount "70"]
[EventDate "2017.03.16"]
[EventType "swiss"]
[EventRounds "9"]
[EventCountry "IRQ"]
[SourceTitle "CBM 177 Extra"]
[Source "ChessBase"]
[SourceDate "2017.04.27"]
[SourceVersion "1"]
[SourceVersionDate "2017.04.27"]
[SourceQuality "1"]

1. d4 d5 2. Nf3 Nf6 3. e3 e6 4. Bd3 Bd6 5. 0-0 0-0 6. c4 c6 7. Nbd2 Nbd7 8. Re1 h6 9. e4 dxe4 10. Nxe4 Nxe4 11. Rxe4 Qf6 12. b3 Re8 13. Bb2 Qd8 14. Ne5 f5 15. Re2 Nxe5 16. dxe5 Bf8 17. Bc2 Qxd1+ 18. Rxd1 c5 19. f4 Kf7 20. Kf2 b6 21. h3 Be7 22. Red2 Bb7 23. g4 g6 24. Kg3 Bc6 25. Bd3 Rad8 26. Kf2 Rd7 27. Ke3 Red8 28. gxf5 gxf5 29. Bf1 Rxd2 30. Rxd2 Rg8 31. Rd3 Ke8 32. Bc3 Be4 33. Rd1 Rg3+ 34. Kd2 Rf3 35. Be2 Rxf4 0-1

[Event "Sulaymaniyah-ch"]
[Site "Sulaymaniyah"]
[Date "2012.06.24"]
[Round "3"]
[White "Salih, Akar Ali Salih"]
[Black "Rawand, Hamid Abdullah"]
[Result "1-0"]
[WhiteElo "2293"]
[BlackElo "1927"]
[PlyCount "110"]
[EventDate "2012.06.23"]
[EventType "tourn"]
[EventRounds "9"]
[EventCountry "IRQ"]
[SourceTitle "EXT 2013"]
[Source "ChessBase"]
[SourceDate "2012.11.22"]
[SourceVersion "1"]
[SourceVersionDate "2012.11.22"]
[SourceQuality "1"]

1. e4 c5 2. Nf3 Nc6 3. d4 cxd4 4. Nxd4 Nf6 5. Nc3 e5 6. Ndb5 d6 7. Bg5 a6 8. Na3 b5 9. Nd5 Be7 10. Bxf6 Bxf6 11. c3 0-0 12. Nc2 Bg5 13. a4 bxa4 14. Rxa4 a5 15. Bc4 Be6 16. 0-0 Kh8 17. b4 axb4 18. Rxa8 Qxa8 19. cxb4 Qb8 20. Qa1 Bxd5 21. exd5 Nd4 22. Nxd4 exd4 23. b5 Qb6 24. Qa6 Bd8 25. Qc8 Qc7 26. Qxc7 Bxc7 27. Bd3 Bb6 28. Rc1 Bc5 29. Ra1 g6 30. Ra6 Re8 31. Kf1 Kg7 32. g3 Re7 33. h3 Ra7 34. Ke2 Kf6 35. Kd2 Rxa6 36. bxa6 Ke7 37. Bb5 h6 38. Kd3 f6 39. f4 Bb6 40. g4 Bc5 41. Ba4 Kd8 42. h4 Ke7 43. g5 hxg5 44. fxg5 fxg5 45. hxg5 Kd8 46. Kc4 Kc8 47. Be8 Bb6 48. Bxg6 Bd8 49. Bf5+ Kb8 50. g6 Bf6 51. Bd3 Ka7 52. Kb5 Be5 53. Kc6 Kb8 54. Kb6 Bf6 55. a7+ Ka8 1-0